Each NFL Teams Highest Rated Madden Player - Statistics

General Stats
  • This quiz has been taken 95 times
  • The average score is 21 of 32
Answer Stats
Team Overall Answer % Correct
Kansas City Chiefs 99 Patrick Mahomes/Travis Kelce
94%
Buffalo Bills 92 Josh Allen/Stefon Diggs
91%
Miami Dolphins 99 Tyreek Hill
90%
Jacksonville Jaguars 91 Josh Allen
88%
Minnesota Vikings 99 Justin Jefferson
88%
Baltimore Ravens 98 Lamar Jackson
88%
Washington Commanders 89 Jonathan Allen
84%
Pittsburgh Steelers 97 TJ Watt
84%
LA Rams 99 Aaron Donald
83%
Cincinnati Bengals 93 Jamarr Chase
80%
Dallas Cowboys 98 Micah Parsons
80%
Detriot Lions 95 Amon-Ra St.Brown
78%
San Francisco 49ers 99 Christian McCaffrey
77%
Tennessee Titans 94 Derrick Henry
72%
Las Vegas Raiders 97 Maxx Crosby
70%
Arizona Cardinals 90 Budda Baker
68%
Denver Broncos 95 Patrick Surtain II
67%
Carolina Panthers 89 Derrick Brown
65%
Philadelphia Eagles 96 Lane Johnson
65%
New York Jets 96 Sauce Gardner
65%
Green Bay Packers 93 Jaire Alexander
57%
Atlanta Falcons 97 Jessie Bates III
57%
New York Giants 95 Dexter Lawrence
55%
Chicago Bears 89 DJ Moore
52%
LA Chargers 91 Derwin James Jr
48%
Cleveland Browns 98 Myles Garett
45%
Tampa Bay Buccaneers 94 Tristan Wirfs
43%
Indianapolis Colts 90 Quenton Nelson
41%
Seattle Seahawks 88 Bobby Wagner
39%
New Orleans Saints 92 Demario Davis
38%
Houston Texans 94 Laremy Tunsil
36%
New England Patriots 89 Matthew Judon
35%
No matching quizzes found
Score Distribution
Percent of People with Each Score
Percentile by Number Answered
Your Score History
You have not taken this quiz